Statistics for Films by quote

Click here to take the quiz!

General Stats

  • This quiz has been taken 42 times
    (20 since last reset)
  • The average score is 9 of 22

Answer Stats

QuoteFilm% Correct
Here's Johnny!The Shining
82%
To infinity and beyond!Toy Story
82%
I'll be back!The Terminator
76%
I'm going to make him an offer he can't refuse.The Godfather
65%
It's alive! It's alive!Frankenstein
59%
You talking to me?Taxi Driver
53%
I feel the need-the need for speed!Top Gun
53%
Just keep swimming.Finding Nemo
47%
Great Scott!Back to the Future
41%
I solemnly swear I am up to no good.Harry Potter and the Prisoner of Azkaban
41%
That is a tasty burger!Pulp Fiction
41%
This is Sparta!300
35%
With great power, comes great responsibility.Spider Man
35%
Wanna know how I got these scars?The Dark Knight
29%
I am the Senate!Star Wars: Revenge of the Sith
24%
No, I am your father!Star Wars: The Empire Strikes Back
24%
What about second breakfast?The Lord of the Rings: The Fellowship of the Ring
24%
The hardest choices require the strongest wills.Avengers: Infinity War
18%
We have a Hulk!Marvel's The Avengers
12%
You know what happens when a Toad gets struck by lightning?X-Men
12%
Go ahead make my day.Sudden Impact
6%
I like the way you die boy!Django Unchained
0%

Score Distribution

Percentile by Number Answered

Percent of People with Each Score

Your Score History

You have not taken this quiz since the last reset